| Tag |
First Indicator |
Second Indicator |
Subfields |
| LEADER |
00000cam a2200000 4500 |
| 001 |
in00000055093 |
| 005 |
20151008052151.0 |
| 008 |
711110s1965 nyu b 00000 eng u |
| 010 |
|
|
|a 65022572
|
| 035 |
|
|
|a (OCoLC)00170425
|
| 035 |
|
|
|9 AAH2012AM
|
| 040 |
|
|
|c OUN
|d OCL
|d TXA
|d UtOrBLW
|
| 049 |
|
|
|a TXAM
|v 1 [454425]
|v 2 [454426]
|
| 050 |
|
0 |
|a HS125
|b .H45 1965
|
| 092 |
|
|
|a 366.9
|b H449s
|
| 100 |
1 |
|
|a Heckethorn, Charles William.
|
| 245 |
1 |
4 |
|a The secret societies of all ages and countries :
|b embracing the mysteries of ancient India, China, Japan, Egypt, Mexico, Peru, Greece, and Scandinavia, the Cabbalists, early Christians, heretics, Assassins, Thugs, Templars, the Vehm and Inquisition, mystics, Rosicrucians, Illuminati, Freemasons, Skopzi, Camorristi, Carbonari, nihilists, and other sects.
|
| 264 |
|
1 |
|a New Hyde Park, N. Y. :
|b University Books,
|c [1965]
|
| 300 |
|
|
|a 2 volumes ;
|c 24 cm.
|
| 336 |
|
|
|a text
|b txt
|2 rdacontent
|
| 337 |
|
|
|a unmediated
|b n
|2 rdamedia
|
| 338 |
|
|
|a volume
|b nc
|2 rdacarrier
|
| 500 |
|
|
|a "First written in 1875 and completely revised in 1897."
|
| 504 |
|
|
|a Includes bibliographies.
|
| 650 |
|
0 |
|a Secret societies.
|
| 999 |
|
|
|a MARS
|
| 999 |
f |
f |
|s f0a576ea-07a4-3065-b4fd-5455e4187dc1
|i adf90539-0294-3783-91d0-48253edfea10
|t 0
|
| 952 |
f |
f |
|p normal
|a Texas A&M University
|b College Station
|c Sterling C. Evans Library
|d Evans: Library Stacks
|t 0
|e HS125 .H45 1965
|h Library of Congress classification
|i unmediated -- volume
|k v.1
|m A14800815517
|
| 998 |
f |
f |
|a HS125 .H45 1965
|s v.1
|t 0
|l Evans: Library Stacks
|